Detalles MARC
| 000 -CABECERA |
| campo de control de longitud fija |
02585nam a22003017a 4500 |
| 003 - IDENTIFICADOR DEL NÚMERO DE CONTROL |
| campo de control |
DO-SdBPM |
| 005 - FECHA Y HORA DE LA ÚLTIMA TRANSACCIÓN |
| campo de control |
20260123132035.0 |
| 007 - CAMPO FIJO DE DESCRIPCIÓN FÍSICA--INFORMACIÓN GENERAL |
| campo de control de longitud fija |
ta |
| 008 - DATOS DE LONGITUD FIJA--INFORMACIÓN GENERAL |
| campo de control de longitud fija |
210512b 2017 dr 00| 0 eng d |
| 020 ## - NÚMERO INTERNACIONAL ESTÁNDAR DEL LIBRO |
| Número Internacional Estándar del Libro |
9789945462937 |
| 040 ## - FUENTE DE LA CATALOGACIÓN |
| Centro catalogador/agencia de origen |
DO-SdBPM |
| Lengua de catalogación |
spa |
| Centro/agencia transcriptor |
BPMSU |
| Centro/agencia modificador |
rda |
| 082 #4 - NÚMERO DE LA CLASIFICACIÓN DECIMAL DEWEY |
| Número de clasificación |
972.93054 |
| Número de documento/Ítem |
A532t 2017 |
| Número de edición |
22 |
| 245 00 - MENCIÓN DE TÍTULO |
| Título |
Análisis y testimonios sobre la Gesta Patriótica de 1965 / |
| Mención de responsabilidad, etc. |
cuidado de edición, Luis Fernández |
| 264 ## - PRODUCCIÓN, PUBLICACIÓN, DISTRIBUCIÓN, FABRICACIÓN Y COPYRIGHT |
| Producción, publicación, distribución, fabricación y copyright |
Santo Domingo : |
| Nombre del de productor, editor, distribuidor, fabricante |
Comisión Permanente de Efemérides Patrias, |
| Fecha de producción, publicación, distribución, fabricación o copyright |
2017. |
| 300 ## - DESCRIPCIÓN FÍSICA |
| Extensión |
2 volumenes : |
| Otras características físicas |
ilustración,retrato.; |
| Dimensiones |
23 cm. |
| 336 ## - TIPO DE CONTENIDO |
| Término de tipo de contenido |
texto |
| Código de tipo de contenido |
txt |
| Fuente |
rdacontent |
| 337 ## - TIPO DE MEDIO |
| Nombre/término del tipo de medio |
sin mediación |
| Código del tipo de medio |
n |
| Fuente |
rdamedia |
| 338 ## - TIPO DE SOPORTE |
| Nombre/término del tipo de soporte |
volumen |
| Código del tipo de soporte |
nc |
| Fuente |
rdacarrier |
| 490 0# - MENCIÓN DE SERIE |
| Mención de serie |
50 Aniversario de la Gesta Patriótica de Abril 1965 ; |
| Designación de volumen o secuencia |
16 /17 |
| 500 ## - NOTA GENERAL |
| Nota general |
Incluye referencias bibliográficas y notas al pie de las páginas |
| 505 0# - NOTA DE CONTENIDO CON FORMATO |
| Información miscelánea |
v.1 |
| Título |
Bosch relata la historia secreta del golpe de 1963 -- |
| -- |
El misterio del golpe de 1963 / |
| Mención de responsabilidad |
Víctor Grimaldi -- |
| Título |
Abril: análisis y testimonio |
| -- |
La revolución de abril / |
| Mención de responsabilidad |
José Espaillat -- |
| Título |
Testimonio de la guerra de abril / |
| Mención de responsabilidad |
Rafael Fafa Taveras -- |
| Título |
La guerra de abril como acontecimiento social, político y económico / |
| Mención de responsabilidad |
Roberto Cassá -- |
| Título |
Orígenes y proyecciones de la revolución de abril / |
| Mención de responsabilidad |
Roberto Cassá -- |
| Título |
Abril, la liberación efímera / |
| Mención de responsabilidad |
Rafael Fafa Taveras -- |
| Título |
Hitos de la revolución / |
| Mención de responsabilidad |
José Francisco Peña Gómez -- |
| Título |
Fernández Domínguez y Caamaño Deñó: el pensamiento de los militares dominicanos constitucionalistas / |
| Mención de responsabilidad |
Franklin Franco Pichardo -- |
| Título |
El arte durante la guerra de abril. Luces entre ráfagas y bombardeos / |
| Mención de responsabilidad |
Edgar Hernández Mejía -- |
| Título |
Los autores. |
| Información miscelánea |
v.2 |
| Título |
Vivencias de la guerra del 24 de abril / |
| Mención de responsabilidad |
Edgar Hernández Mejía -- |
| Título |
El proceso revolucionario dominicano y sus enseñanzas / |
| Mención de responsabilidad |
José Israel Cuello, Narciso Isa Conde -- |
| Título |
La revolución dominicana y la crisis de la OEA / |
| Mención de responsabilidad |
Julio César Estrella -- |
| Título |
Pueblo, sangre y canto / |
| Mención de responsabilidad |
Frente cultural -- |
| Título |
Autores extranjeros |
| -- |
Fuera la bota militar de Santo Domingo / |
| Mención de responsabilidad |
Víctor Perlo -- |
| Título |
Revolución y contra-revolución en la República Dominicana: Por qué invadió Estados Unidos? / |
| Mención de responsabilidad |
Leo Huberman, Paul Sweezy -- |
| Título |
Atrocidades de la guerra civil de 1965 (Documento de la OEA) -- |
| -- |
Intervención de 1965 vista por los militares estadounidenses -- |
| -- |
Los autores. |
| 590 ## - NOTA LOCAL (RLIN) |
| Nota local |
Inventariado, 2026/VM |
| 651 #7 - PUNTO DE ACCESO ADICIONAL DE MATERIA--NOMBRE GEOGRÁFICO |
| Nombre geográfico |
República Dominicana |
| Subdivisión general |
Historia |
| Subdivisión cronológica |
Revolución, 1965 |
| 651 #7 - PUNTO DE ACCESO ADICIONAL DE MATERIA--NOMBRE GEOGRÁFICO |
| Nombre geográfico |
República Dominicana |
| Subdivisión general |
Historia |
| Subdivisión cronológica |
Golpe de Estado, 1963 |
| 700 1# - PUNTO DE ACCESO ADICIONAL--NOMBRE DE PERSONA |
| Nombre de persona |
Fernández, Luis, |
| Término indicativo de función/relación |
edición |
| 910 ## - DATOS DE OPCIÓN DEL USUARIO (OCLC) |
| Datos de opción del usuario |
VMateo V. Control de calidad BPMSU |
| 942 ## - ELEMENTOS DE PUNTO DE ACCESO ADICIONAL (KOHA) |
| Fuente del sistema de clasificación o colocación |
Dewey Decimal Classification |
| Tipo de ítem Koha |
Libros |